000 00837nam a2200253 i 4500
003 DO-SdBNP
005 20250205124808.0
007 ta
008 190724s1993 dr 000 spa d
040 _aDO-SdBNP
_bspa
_cBNPHU
_erda
082 _222
_bL925t
100 1 _aLozano, Wilfredo
_d1950-
_97126
245 1 0 _aTendencias de la migración interna en República Dominicana :
_b1981-1991 /
_cWilfredo Lozano ; colaboración Marina Ariza
264 1 _aSanto Domingo :
_b[editor no identificado],
_c1993.
300 _a[54] páginas
_c27 cm.
336 _2rdacontent
_atexto
_btxt
337 _2rdamedia
_asin mediación
_bn
338 _2rdacarrier
_avolumen
_bnc
504 _aBibliografía p: [32-43].
590 _aInventariado, 2024/ YL
700 1 _aAriza, Marina
_ecolaboración
_936597
910 _aYLockward
942 _2ddc
_cLBS1
999 _c48646
_d48646